000
00216nam a22000857a 4500
008
170118b xxu||||| |||| 00| 0 eng d
100
_9
2473
_a
Dorling Kindersly
245
_a
Ask me Anything
260
_a
New Delhi
_b
D.K.
_c
2009
999
_c
5537
_d
5537